Normal view
MARC view
- HAMZA,TAHA,WARDA
Entry Personal Name
001 - CONTROL NUMBER
- control field: 71703
003 - CONTROL NUMBER IDENTIFIER
- control field: NUST
005 - DATE AND TIME OF LATEST TRANSACTION
- control field: 20210628204653.0
008 - FIXED-LENGTH DATA ELEMENTS
- fixed length control field: 210628|| aca||aabn | a|a d
040 ## - CATALOGING SOURCE
- Original cataloging agency: NUST
- Transcribing agency: NUST
100 ## - HEADING--PERSONAL NAME
- Personal name: HAMZA,TAHA,WARDA
670 ## - SOURCE DATA FOUND
- Source citation: Work cat.: (NUST): HAMZA,TAHA,WARDA, PR-SOF-1368-DESIGN ANALYSIS AND FABRICATION OF RADIO CONTROLLED SUBMARINE, 2014
